000 00330nam a2200145Ia 4500
008 230718s9999 xx 000 0 und d
041 _aEng.
082 _a467.8
_bKRE-N
100 _aKrechowiecka, Irene
245 0 _aNew that Course
260 _aPakistan
_bbriush press
_c1937
300 _a228
650 _aLaw
999 _c26060
_d26060